Residencia de estudiantes
Publicado:
Barcelona :
Real Politécnico Hispano Americano, bajo los auspicios de la Excma. Diputación Provincial de Barcelona ,
1929
Descripción Física:
8 p., [9] f. de làm. ; 22 cm
MARC
| LEADER | 00000nam a2200000Ia 4500 | ||
|---|---|---|---|
| 001 | 8679 | ||
| 008 | 160829s1929 xx 000 0 cat d | ||
| 080 | |a RF-6-37 | ||
| 110 | 2 | |a Reial Politècnic Hispanoamericà |9 55096 | |
| 245 | |a Residencia de estudiantes | ||
| 260 | |a Barcelona : |b Real Politécnico Hispano Americano, bajo los auspicios de la Excma. Diputación Provincial de Barcelona, |c 1929 | ||
| 300 | |a 8 p., [9] f. de làm. ; |c 22 cm | ||
| 590 | |a Aquesta residència es troba dins de l'Escola Industrial de Barcelona. | ||
| 590 | |a Hi ha un duplicat a DUP-21-91 | ||
| 610 | 1 | 0 | |a Residència Universitària Ramon Llull (Barcelona, Catalunya) |9 54739 |
| 710 | 1 | |a Barcelona (Catalunya : Província). |b Diputació |9 52408 | |
| 856 | 4 | |u https://media.diba.cat/diba/fitxers/arxiu/fulletons/bib_8679_1929_baixa.pdf |y Accés lliure | |
| 856 | 4 | |u https://media.diba.cat/diba/fitxers/arxiu/fulletons/bib_8679_1929_baixa.pdf |y Accés lliure | |
| 901 | |a Arxiu | ||
| 942 | |n 1 |2 udc | ||
| 952 | |0 0 |1 0 |4 0 |6 RF637 |7 1 |9 48912 |a Arxiu |b Arxiu |d 2016-12-01 |l 0 |o RF-6-37 |p 8679 |r 2016-12-01 00:00:00 |w 2016-12-01 |y ARXIU | ||
| 999 | |c 52747 |d 52747 | ||
| 900 | |a bib_8679_1929_baixa.pdf | ||